000 00608nam a2200121Ia 4500
008 220620s9999||||xx |||||||||||||| ||und||
100 _aFerfolja, Tania||Ullman, Jacqueline
245 0 _aGender and Sexuality Diversity in a Culture of Limitation
_bStudent and Teacher Experiences in Schools
546 _aEnglish[eng]
650 _aculture of limitation||gender diversity||inclusive schools||Jacqueline Ullman||LGBTQ students||school discrimination||sexuality diversity||sexuality education||Tania Ferfolja
856 _uhttps://library.oapen.org/bitstream/20.500.12657/52775/1/9781351666053.pdf
942 _cEB
999 _c24100
_d24100